「じゅげむ」のフルネーム - Statistics

General Stats
  • This quiz has been taken 470 times
  • The average score is 17 of 22
Answer Stats
名前 % Correct
寿限無
100%
すりきれ
97%
五却の
94%
パイポ
86%
風来末
84%
住む処
84%
食う寝る
83%
処に
81%
ぶらこうじ
81%
海砂利水魚の
79%
長助
78%
水行末
73%
パイポの
72%
シューリンガン
72%
雲来末
70%
長久命の
69%
ポンポコピーの
68%
やぶらこうじの
66%
グーリンダイ
65%
ポンポコナーの
65%
シューリンガンの
62%
グーリンダイの
58%
No matching quizzes found
Score Distribution
Percent of People with Each Score
Percentile by Number Answered
Your Score History
You have not taken this quiz